| 000 | 02673nam2a2200373 4500 | ||
|---|---|---|---|
| 001 | RU\NLR\BIBL_A\012266576 | ||
| 005 | 20250806200847.0 | ||
| 035 | _a(NLR Aleph) 012266576 | ||
| 090 |
_a53750 _c53750 |
||
| 100 | _a20250806 rusy50 | ||
| 101 | 0 | _arus | |
| 102 | _aRU | ||
| 135 | _acrgn 008auaua | ||
| 200 | 0 | _a1945, № 107 (9142) (9 мая) | |
| 210 | _d1945 | ||
| 325 | 1 | _aКопия доступна в электронной библиотеке РНБ | |
| 327 | 0 | _aИз содерж.: Радуюсь вместе со всей страной! / деп. Верхов. Совета РСФСР, нар. артист РСФСР Николай Черкасов | |
| 461 | 0 |
_1001RU\NLR\BIBL_A\011149756 _12001#$aЛенинградская правда$eобществ.-полит. газ.$v1945, № 107 (9142) (9 мая) |
|
| 464 | 0 |
_12001#$aРадуюсь вместе со всей страной!$fдепутат Верховного Совета РСФСР, народный артист РСФСР Николай Черкасов _1215##$dС. 3 _1700#1$aЧеркасов$bН. К.$cактер$f1903-1966$gНиколай Константинович$3RU\NLR\AUTH\7770826 _16061#$aВеликая Отечественная война$z1941 - 1945$xПобеда над Германией$jВоспоминания, записки и т.п$2nlr_sh1$2nlr_sh2$3RU\NLR\AUTH\66181610 _1600#1$aЧеркасов$bН.К.$gНиколай Константинович$f1903 - 1966$jВоспоминания, записки и т.п$2nlr_sh1$2nlr_sh2$3RU\NLR\AUTH\66577327 |
|
| 606 | 1 |
_aВеликая Отечественная война _z1941 - 1945 _xПобеда над Германией _2nlr_sh1 _2nlr_sh2 _3RU\NLR\AUTH\66181610 |
|
| 852 |
_aNLR _jЛ1 |
||
| 856 | 0 | _uhttps://vivaldi.nlr.ru/ap000061497/view | |
| 856 | 1 | _uhttps://vivaldi.nlr.ru/ap000061497/cover | |
| 856 | 2 | _uhttps://vivaldi.nlr.ru/ap000061497/text | |
| 901 | _eГазеты | ||
| 942 | _cISSNP | ||
| 945 | _aРоссийская национальная библиотека | ||
| 980 | _aNB | ||
| 980 | _aBV | ||
| 981 | 3 | 7 |
_a(37) Ленинград в Великой Отечественной войне _b(37) Газеты блокадного Ленинграда |
| 981 | 2 | 7 |
_a(27) Периодические издания _b(27) Газеты |